• 首页
  • 本馆介绍
  • 公告通知
  • 最新文献
  • 馆藏检索
  • 电子资源
  • 读者导购
  • 参考咨询
  • 我的图书馆
  • 登录
  • 详细信息显示
  • 放入我的书架
  • 预约/预借图书
  • 作者相关作品
  • 分类相关作品
  • 丛书相关作品
  • 出版社相关作品

书目信息

  • 表格格式
  • 工作单格式
  • 卡片格式
题名:
农业"八字宪法"浅说
    
 
作者: 艾瑛 编写
分册:  
出版信息: 石家庄   河北人民出版社  
页数: 60页
开本: 20cm
丛书名:
单 册:
中图分类: S-01
科图分类:
主题词: 农业科学--科学研究--方针
电子资源:
ISBN:
000 00560nam0 2200205 450
001 0652934280
005 20060813144515.06
010    @dCNY0.20
091    @aT16086.216
100    @a20060813d km y0chiy0120 ea
101 0  @achi
102    @aCN@b130000
200 1  @a农业"八字宪法"浅说@Anong ye"ba zi xian fa"qian shuo@f艾瑛 编写@Fai ying bian xie
210    @a石家庄@c河北人民出版社
215    @a60页@d20cm
606 0  @a农业科学@x科学研究@x方针
690    @aS-01@v3
701  0 @a艾瑛@Aai ying@4编写
801  0 @aCN@bPFT@c20060813
905    @a10447@dS-01@e32
    
    农业"八字宪法"浅说/艾瑛 编写.-石家庄:河北人民出版社
    60页;20cm
    
    
    ISBN :CNY0.20
    
●
相关链接 在E读中查询图书 在五车中查询图书 在当当中查询图书 在豆瓣中查询图书


正题名:农业"八字宪法"浅说     索取号:S-01/32         预约/预借

序号 登录号 条形码 馆藏地/架位号 状态 备注
1 0452556   204525567   密集书库/ [索取号:S-01/32] 在馆    
唐山师范学院图书馆 欢迎您!
大连网信软件有限公司© 版权所有